<?xml version="1.0" encoding="UTF-8"?>
<collection xmlns="http://www.loc.gov/MARC21/slim">
  <record>
    <leader>00000nam  2200000   4500</leader>
    <controlfield tag="001">000189</controlfield>
    <datafield tag="020" ind1=" " ind2=" ">
      <subfield code="9">793862173</subfield>
    </datafield>
    <datafield tag="082" ind1=" " ind2=" ">
      <subfield code="2">97.500</subfield>
    </datafield>
    <datafield tag="100" ind1=" " ind2=" ">
      <subfield code="a">Jefry AlBukhori</subfield>
    </datafield>
    <datafield tag="245" ind1=" " ind2=" ">
      <subfield code="a">Senandung cinta /</subfield>
      <subfield code="c">Jefry AlBukhori</subfield>
    </datafield>
    <datafield tag="264" ind1=" " ind2=" ">
      <subfield code="J">akarta: AMP Press 2020</subfield>
    </datafield>
    <datafield tag="300" ind1=" " ind2=" ">
      <subfield code="1">62 halaman; 19 cm.</subfield>
    </datafield>
    <datafield tag="650" ind1=" " ind2=" ">
      <subfield code="I">slam</subfield>
    </datafield>
    <datafield tag="905" ind1=" " ind2=" ">
      <subfield code="2">97.5 JEF s</subfield>
    </datafield>
    <datafield tag="336" ind1=" " ind2=" ">
      <subfield code="a"/>
    </datafield>
    <datafield tag="337" ind1=" " ind2=" ">
      <subfield code="a"/>
    </datafield>
    <datafield tag="338" ind1=" " ind2=" ">
      <subfield code="a"/>
    </datafield>
    <controlfield tag="005">20260702151432.0</controlfield>
    <controlfield tag="008">260702s2026\\\\\\\\\\\\\\\\\\\\\\\\\\\\\\\\\\\\\\\\\</controlfield>
  </record>
</collection>
